000 00537nam a2200205Ia 4500
005 20240422140325.0
008 131103s9999 xx 000 0 und d
040 _aLoreto College
041 _aEnglish
082 _a370.954
_bMIT
100 _aMitra, Veda
245 _aEducation in Ancient India
_cVeda Mitra
260 _aNew Delhi
_bArya book
_c1964
300 _aix,123p.
504 _aIncludes bibliographical references & index
650 _aEducation
651 _aIndia - education
850 _aLCBED
942 _cBK
999 _c25846
_d76325